| 000 | 00568nam a22001097a 4500 | ||
|---|---|---|---|
| 008 | 150914b xxu||||| |||| 00| 0 eng d | ||
| 100 | _aBrown, Ruth | ||
| 245 | _aThe Bordeaux Issue of 1870-1871 | ||
| 260 |
_aNew York _bThe France and Colonies Philatelic Society, Inc. _c1981 |
||
| 650 | _aFrance | 1870-1871 | 19th Century | Bordeaux Issue | Definitive Issues | Errors and Varieties | Printing | Production | Essays and Proofs | Plates and Plating | Forgeries and Counterfeits | Collecting | Identification | Postal Markings | Stamps -- Histories | ||
| 700 | _aBrown, Gardner | ||
| 999 |
_c1708 _d1708 |
||